[Event "Fagernes GM-A 2019"]
[Site "Fagernes"]
[Date "2019.04.18"]
[Round "6.16"]
[White "Machlik, Monika"]
[Black "Dolzhikova, Olga"]
[Result "1/2-1/2"]
[WhiteElo "2059"]
[BlackElo "2231"]
[Annotator "NA"]
[PlyCount "80"]
[EventDate "2019.04.14"]
[EventType "tourn"]
[EventCountry "NOR"]
[SourceTitle "playchess.com"]
[Source "ChessBase"]
[SourceQuality "1"]
[TimeControl "40/7200:3600"]

1. d4 {[%emt 0:00:01]} Nf6 {[%emt 0:06:48]} 2. c4 {[%emt 0:00:14]} e5 {[%emt 0:00:15]} 3. dxe5 {[%emt 0:00:29]} Ng4 {[%emt 0:00:07]} 4. Bf4 {[%emt 0:01:17]} Nc6 {[%emt 0:03:52]} 5. Nf3 {[%emt 0:00:48]} Bb4+ {[%emt 0:00:14]} 6. Nbd2 {[%emt 0:02:09]} Qe7 {[%emt 0:00:35]} 7. a3 {[%emt 0:05:46]} Ngxe5 {[%emt 0:00:38]} 8. Nxe5 {[%emt 0:00:34]} Nxe5 {[%emt 0:00:20]} 9. e3 {[%emt 0:00:39]} Bxd2+ {[%emt 0:00:17]} 10. Qxd2 {[%emt 0:00:05]} d6 {[%emt 0:00:10]} 11. Qc3 {[%emt 0:01:31]} f6 {[%emt 0:06:00]} 12. Be2 {[%emt 0:08:02]} a5 {[%emt 0:13:16]} 13. b3 {[%emt 0:09:03]} O-O {[%emt 0:05:49]} 14. O-O {[%emt 0:00:21]} b6 {[%emt 0:04:25]} 15. b4 {[%emt 0:05:23]} Bb7 {[%emt 0:04:12]} 16. Rfc1 {[%emt 0:17:44]} Ng6 {[%emt 0:18:52]} 17. Qd4 {[%emt 0:15:23]} Nxf4 {[%emt 0:13:27]} 18. Qxf4 {[%emt 0:00:11]} axb4 {[%emt 0:01:05]} 19. axb4 {[%emt 0:00:17]} Qe5 {[%emt 0:00:48]} 20. Qxe5 {[%emt 0:10:28]} fxe5 {[%emt 0:01:29]} 21. f3 {[%emt 0:03:31]} e4 {[%emt 0:08:13]} 22. f4 {[%emt 0:02:27]} Rxa1 {[%emt 0:04:52]} 23. Rxa1 {[%emt 0:00:01]} Ra8 {[%emt 0:00:09]} 24. Rxa8+ {[%emt 0:01:24]} Bxa8 {[%emt 0:00:04]} 25. Kf2 {[%emt 0:02:02]} Kf7 {[%emt 0:05:14]} 26. Ke1 {[%emt 0:00:45]} c5 {[%emt 0:04:17]} 27. bxc5 {[%emt 0:01:42]} bxc5 {[%emt 0:00:19]} 28. Kd2 {[%emt 0:06:02]} Bb7 {[%emt 0:00:12]} 29. Kc3 {[%emt 0:06:08]} Ba6 {[%emt 0:00:57]} 30. Bd1 {[%emt 0:00:54]} Kf6 {[%emt 0:01:32]} 31. Bg4 {[%emt 0:07:40]} Bb7 {[%emt 0:01:43]} 32. Bd1 {[%emt 0:01:31]} Bc6 {[%emt 0:00:43]} 33. Kb3 {[%emt 0:05:28]} Ke6 {[%emt 0:01:12]} 34. Bg4+ {[%emt 0:00:00]} Ke7 {[%emt 0:00:47]} 35. Bd1 {[%emt 0:00:00]} d5 {[%emt 0:02:25]} 36. cxd5 {[%emt 0:00:00]} Bxd5+ {[%emt 0:00:03]} 37. Kc3 {[%emt 0:00:00]} Kd6 {[%emt 0:00:28]} 38. Bg4 {[%emt 0:00:00]} Bb7 {[%emt 0:00:36]} 39. Be2 {[%emt 0:00:00]} Bc6 {[%emt 0:00:27]} 40. Bg4 {[%emt 0:00:00]} Bb7 {[%emt 0:00:07]} 1/2-1/2

[Event "Fagernes GM-A 2019"]
[Site "Fagernes"]
[Date "2019.04.18"]
[Round "6.17"]
[White "Bentsen, Hakon"]
[Black "Holleland, Sigve"]
[Result "1/2-1/2"]
[WhiteElo "2155"]
[BlackElo "2024"]
[Annotator "NA"]
[PlyCount "68"]
[EventDate "2019.04.14"]
[EventType "tourn"]
[EventCountry "NOR"]
[SourceTitle "playchess.com"]
[Source "ChessBase"]
[SourceQuality "1"]
[TimeControl "40/7200:3600"]

1. e4 {[%emt 0:00:02]} c5 {[%emt 0:04:05]} 2. Nf3 {[%emt 0:00:13]} Nc6 {[%emt 0:00:11]} 3. d4 {[%emt 0:00:08]} cxd4 {[%emt 0:00:04]} 4. Nxd4 {[%emt 0:00:06]} Nf6 {[%emt 0:00:06]} 5. Nc3 {[%emt 0:00:05]} e5 {[%emt 0:00:06]} 6. Ndb5 {[%emt 0:00:07]} d6 {[%emt 0:00:09]} 7. Bg5 {[%emt 0:00:09]} a6 {[%emt 0:00:05]} 8. Na3 {[%emt 0:00:04]} b5 {[%emt 0:00:07]} 9. Nd5 {[%emt 0:01:43]} Be7 {[%emt 0:00:13]} 10. Bxf6 {[%emt 0:00:08]} Bxf6 {[%emt 0:00:07]} 11. c3 {[%emt 0:00:31]} Bg5 {[%emt 0:01:12]} 12. Nc2 {[%emt 0:00:20]} O-O {[%emt 0:01:16]} 13. a4 {[%emt 0:00:16]} bxa4 {[%emt 0:00:18]} 14. Rxa4 {[%emt 0:00:11]} a5 {[%emt 0:00:10]} 15. Bd3 {[%emt 0:10:30]} Bd7 {[%emt 0:01:43]} 16. Ra2 {[%emt 0:00:50]} Ne7 {[%emt 0:03:12]} 17. Nce3 {[%emt 0:00:35]} Nxd5 {[%emt 0:00:08]} 18. Nxd5 {[%emt 0:00:11]} Kh8 {[%emt 0:00:45]} 19. O-O {[%emt 0:00:29]} g6 {[%emt 0:01:24]} 20. Qe2 {[%emt 0:02:59]} Rb8 {[%emt 0:03:21]} 21. Rfa1 {[%emt 0:02:22]} a4 {[%emt 0:03:59]} 22. Bc2 {[%emt 0:00:43]} a3 {[%emt 0:02:52]} 23. b4 {[%emt 0:00:15]} f5 {[%emt 0:01:11]} 24. Rxa3 {[%emt 0:00:42]} Be6 {[%emt 0:02:06]} 25. Rd1 {[%emt 0:09:21]} Qc8 {[%emt 0:04:05]} 26. Qa6 {[%emt 0:01:07]} Qd8 {[%emt 0:04:03]} 27. Qa5 {[%emt 0:06:54]} Qc8 {[%emt 0:06:01]} 28. Qc7 {[%emt 0:05:56]} Bxd5 {[%emt 0:00:06]} 29. Qxc8 {[%emt 0:00:05]} Rfxc8 {[%emt 0:00:15]} 30. Rxd5 {[%emt 0:00:39]} fxe4 {[%emt 0:02:10]} 31. Kf1 {[%emt 0:04:36]} Rc4 {[%emt 0:03:05]} 32. b5 {[%emt 0:05:51]} Bd8 {[%emt 0:11:28]} 33. Ke2 {[%emt 0:02:24]} Rbc8 {[%emt 0:07:55]} 34. Rd1 {[%emt 0:00:34]} Rxc3 {[%emt 0:08:56]} 1/2-1/2

[Event "Fagernes GM-A 2019"]
[Site "Fagernes"]
[Date "2019.04.18"]
[Round "6.18"]
[White "Skotheim, Andreas"]
[Black "Andersen, Morten"]
[Result "0-1"]
[WhiteElo "2182"]
[BlackElo "2223"]
[Annotator "NA"]
[PlyCount "118"]
[EventDate "2019.04.14"]
[EventType "tourn"]
[EventCountry "NOR"]
[SourceTitle "playchess.com"]
[Source "ChessBase"]
[SourceQuality "1"]
[TimeControl "40/7200:3600"]

1. d4 {[%emt 0:00:28]} d5 {[%emt 0:00:08]} 2. c4 {[%emt 0:00:45]} e6 {[%emt 0:00:07]} 3. Nc3 {[%emt 0:03:25]} Bb4 {[%emt 0:00:26]} 4. Nf3 {[%emt 0:11:05]} Nf6 {[%emt 0:01:25]} 5. g3 {[%emt 0:03:09]} dxc4 {[%emt 0:01:39]} 6. Qa4+ {[%emt 0:04:22]} Nc6 {[%emt 0:00:18]} 7. a3 {[%emt 0:00:33]} Bxc3+ {[%emt 0:01:17]} 8. bxc3 {[%emt 0:00:05]} Qd5 {[%emt 0:02:25]} 9. Bg2 {[%emt 0:01:53]} b5 {[%emt 0:03:17]} 10. Qc2 {[%emt 0:00:54]} Bb7 {[%emt 0:05:55]} 11. O-O {[%emt 0:03:11]} O-O {[%emt 0:10:58]} 12. Nh4 {[%emt 0:05:34]} Qd7 {[%emt 0:09:26]} 13. e4 {[%emt 0:02:26]} Na5 {[%emt 0:13:37]} 14. Bg5 {[%emt 0:03:18]} Ne8 {[%emt 0:04:31]} 15. d5 {[%emt 0:07:35]} e5 {[%emt 0:05:09]} 16. Nf5 {[%emt 0:02:56]} f6 {[%emt 0:04:53]} 17. Be3 {[%emt 0:01:40]} Nb3 {[%emt 0:01:58]} 18. Rab1 {[%emt 0:01:37]} Nd6 {[%emt 0:00:34]} 19. Bh3 {[%emt 0:01:29]} Nxf5 {[%emt 0:03:05]} 20. Bxf5 {[%emt 0:00:09]} Qd6 {[%emt 0:00:13]} 21. a4 {[%emt 0:13:09]} a6 {[%emt 0:00:32]} 22. Rxb3 {[%emt 0:15:50]} cxb3 {[%emt 0:00:14]} 23. Qxb3 {[%emt 0:00:04]} Bc8 {[%emt 0:02:04]} 24. Bxc8 {[%emt 0:00:41]} Rfxc8 {[%emt 0:00:58]} 25. axb5 {[%emt 0:00:15]} axb5 {[%emt 0:00:40]} 26. Qxb5 {[%emt 0:01:04]} c6 {[%emt 0:04:54]} 27. Qb4 {[%emt 0:10:47]} Qxb4 {[%emt 0:03:40]} 28. cxb4 {[%emt 0:00:02]} cxd5 {[%emt 0:01:33]} 29. exd5 {[%emt 0:00:04]} Rd8 {[%emt 0:01:55]} 30. Rd1 {[%emt 0:00:20]} Rab8 {[%emt 0:01:29]} 31. Bc5 {[%emt 0:00:34]} Kf7 {[%emt 0:00:38]} 32. Kf1 {[%emt 0:02:31]} Rd7 {[%emt 0:05:02]} 33. Ke2 {[%emt 0:01:09]} Rbd8 {[%emt 0:01:47]} 34. Bb6 {[%emt 0:01:37]} Rb8 {[%emt 0:01:57]} 35. Bc5 {[%emt 0:00:19]} Rbd8 {[%emt 0:00:10]} 36. Bb6 {[%emt 0:00:08]} Ra8 {[%emt 0:14:08]} 37. Rd2 {[%emt 0:06:10]} Ra1 {[%emt 0:01:58]} 38. h4 {[%emt 0:00:47]} Rb1 {[%emt 0:01:42]} 39. Bc5 {[%emt 0:00:41]} h5 {[%emt 0:00:15]} 40. d6 {[%emt 0:07:06]} g5 {[%emt 0:01:57]} 41. Kd3 {[%emt 0:17:02]} gxh4 {[%emt 0:07:12]} 42. gxh4 {[%emt 0:00:27]} Ke6 {[%emt 0:01:33]} 43. Kc4 {[%emt 0:03:26]} Rb7 {[%emt 0:04:02]} 44. b5 {[%emt 0:06:21]} R1xb5 {[%emt 0:10:48]} 45. d7 {[%emt 0:02:08]} Rxd7 {[%emt 0:01:08]} 46. Rxd7 {[%emt 0:00:08]} Rxc5+ {[%emt 0:00:04]} 47. Kxc5 {[%emt 0:00:06]} Kxd7 {[%emt 0:00:02]} 48. Kd5 {[%emt 0:00:08]} Ke7 {[%emt 0:00:16]} 49. f3 {[%emt 0:10:03]} Kd7 {[%emt 0:00:10]} 50. f4 {[%emt 0:00:07]} exf4 {[%emt 0:00:20]} 51. Ke4 {[%emt 0:00:05]} Kd6 {[%emt 0:00:29]} 52. Kxf4 {[%emt 0:00:57]} Ke6 {[%emt 0:00:06]} 53. Ke4 {[%emt 0:00:28]} f5+ {[%emt 0:00:09]} 54. Kd4 {[%emt 0:01:10]} Kd6 {[%emt 0:00:20]} 55. Ke3 {[%emt 0:01:22]} Ke5 {[%emt 0:00:11]} 56. Kf3 {[%emt 0:02:33]} f4 {[%emt 0:00:17]} 57. Ke2 {[%emt 0:00:41]} Ke4 {[%emt 0:00:15]} 58. Kf2 {[%emt 0:00:15]} f3 {[%emt 0:00:43]} 59. Kf1 {[%emt 0:00:56]} Kf4 {[%emt 0:00:26]} 0-1

[Event "Fagernes GM-A 2019"]
[Site "Fagernes"]
[Date "2019.04.18"]
[Round "6.19"]
[White "Lillevold, Frode"]
[Black "Lindbol, Aleksander"]
[Result "1/2-1/2"]
[WhiteElo "2076"]
[BlackElo "2139"]
[Annotator "NA"]
[PlyCount "119"]
[EventDate "2019.04.14"]
[EventType "tourn"]
[EventCountry "NOR"]
[SourceTitle "playchess.com"]
[Source "ChessBase"]
[SourceQuality "1"]
[TimeControl "40/7200:3600"]

1. d4 {[%emt 0:00:00]} f5 {[%emt 0:00:32]} 2. g3 {[%emt 0:00:40]} Nf6 {[%emt 0:00:23]} 3. Bg2 {[%emt 0:00:02]} e6 {[%emt 0:00:16]} 4. c4 {[%emt 0:00:29]} d5 {[%emt 0:00:22]} 5. Nh3 {[%emt 0:01:08]} c6 {[%emt 0:00:22]} 6. O-O {[%emt 0:00:23]} Bd6 {[%emt 0:00:14]} 7. Bf4 {[%emt 0:01:59]} Be7 {[%emt 0:00:17]} 8. Nd2 {[%emt 0:02:28]} O-O {[%emt 0:00:17]} 9. Qc2 {[%emt 0:04:35]} h6 {[%emt 0:00:28]} 10. Be5 {[%emt 0:11:05]} g5 {[%emt 0:13:33]} 11. e3 {[%emt 0:14:00]} Nbd7 {[%emt 0:04:55]} 12. f4 {[%emt 0:08:23]} Ng4 {[%emt 0:32:27]} 13. Rfe1 {[%emt 0:04:56]} Qe8 {[%emt 0:01:16]} 14. Nf2 {[%emt 0:02:01]} Ndxe5 {[%emt 0:10:42]} 15. dxe5 {[%emt 0:01:25]} Nxf2 {[%emt 0:05:57]} 16. Kxf2 {[%emt 0:00:12]} Bd7 {[%emt 0:09:59]} 17. Red1 {[%emt 0:14:09]} h5 {[%emt 0:06:51]} 18. Nf3 {[%emt 0:02:30]} g4 {[%emt 0:01:41]} 19. Nd4 {[%emt 0:01:16]} h4 {[%emt 0:04:29]} 20. Rac1 {[%emt 0:08:21]} b6 {[%emt 0:04:25]} 21. a3 {[%emt 0:06:15]} Rc8 {[%emt 0:06:13]} 22. Rd2 {[%emt 0:04:50]} b5 {[%emt 0:02:01]} 23. c5 {[%emt 0:02:39]} a5 {[%emt 0:00:43]} 24. b4 {[%emt 0:00:18]} axb4 {[%emt 0:01:53]} 25. axb4 {[%emt 0:00:01]} Ra8 {[%emt 0:00:08]} 26. Qb3 {[%emt 0:06:59]} Ra7 {[%emt 0:01:04]} 27. Ra2 {[%emt 0:00:15]} Rxa2+ {[%emt 0:02:46]} 28. Qxa2 {[%emt 0:00:11]} Qb8 {[%emt 0:02:25]} 29. Ra1 {[%emt 0:01:43]} Rc8 {[%emt 0:00:04]} 30. e4 {[%emt 0:05:04]} fxe4 {[%emt 0:00:02]} 31. Qe2 {[%emt 0:00:06]} hxg3+ {[%emt 0:00:45]} 32. hxg3 {[%emt 0:00:24]} Kf7 {[%emt 0:00:26]} 33. Qxg4 {[%emt 0:00:21]} Rh8 {[%emt 0:00:01]} 34. Bh3 {[%emt 0:02:22]} Rh6 {[%emt 0:00:01]} 35. Kg2 {[%emt 0:03:18]} Rg6 {[%emt 0:00:56]} 36. Qh5 {[%emt 0:00:52]} Kg7 {[%emt 0:00:01]} 37. f5 {[%emt 0:02:02]} exf5 {[%emt 0:00:02]} 38. Nxf5+ {[%emt 0:00:03]} Bxf5 {[%emt 0:00:10]} 39. Bxf5 {[%emt 0:01:35]} Rxg3+ {[%emt 0:00:24]} 40. Kxg3 {[%emt 0:00:27]} Qxe5+ {[%emt 0:00:01]} 41. Kg4 {[%emt 0:09:34]} Qxa1 {[%emt 0:03:26]} 42. Qg6+ {[%emt 0:10:34]} Kf8 {[%emt 0:00:19]} 43. Qh6+ {[%emt 0:00:08]} Qg7+ {[%emt 0:00:28]} 44. Qxg7+ {[%emt 0:00:04]} Kxg7 {[%emt 0:00:05]} 45. Bd7 {[%emt 0:00:07]} Kf6 {[%emt 0:04:23]} 46. Kf4 {[%emt 0:17:43]} Bf8 {[%emt 0:01:31]} 47. Bxc6 {[%emt 0:00:43]} Bh6+ {[%emt 0:00:08]} 48. Kg3 {[%emt 0:00:05]} Ke5 {[%emt 0:00:42]} 49. Bxb5 {[%emt 0:02:04]} d4 {[%emt 0:13:34]} 50. c6 {[%emt 0:09:41]} Kd6 {[%emt 0:00:24]} 51. Kf2 {[%emt 0:02:45]} d3 {[%emt 0:00:23]} 52. Ke1 {[%emt 0:02:27]} Bf4 {[%emt 0:01:26]} 53. Kd1 {[%emt 0:01:38]} Kd5 {[%emt 0:00:32]} 54. Ba6 {[%emt 0:01:33]} Kd4 {[%emt 0:00:37]} 55. Bc8 {[%emt 0:00:03]} e3 {[%emt 0:32:30]} 56. Bg4 {[%emt 0:01:04]} Kc4 {[%emt 0:00:00]} 57. Bh5 {[%emt 0:00:00]} Kxb4 {[%emt 0:00:00]} 58. Bg4 Kc5 {[%emt 0:00:00]} 59. Bh5 Kxc6 {[%emt 0:00:00]} 60. Bf3+ {[%emt 0:00:00]} 1/2-1/2

[Event "Fagernes GM-A 2019"]
[Site "Fagernes"]
[Date "2019.04.18"]
[Round "6.20"]
[White "Grover, Sigurd Loe"]
[Black "Fuglestein, Sander"]
[Result "1-0"]
[WhiteElo "2020"]
[BlackElo "2000"]
[Annotator "NA"]
[PlyCount "73"]
[EventDate "2019.04.14"]
[EventType "tourn"]
[EventCountry "NOR"]
[SourceTitle "playchess.com"]
[Source "ChessBase"]
[SourceQuality "1"]
[TimeControl "40/7200:3600"]

1. e4 {[%emt 0:00:11]} c6 {[%emt 0:00:18]} 2. c4 {[%emt 0:00:35]} d5 {[%emt 0:00:05]} 3. cxd5 {[%emt 0:00:13]} cxd5 {[%emt 0:00:08]} 4. exd5 {[%emt 0:00:04]} Nf6 {[%emt 0:00:18]} 5. Nc3 {[%emt 0:00:09]} Nxd5 {[%emt 0:00:29]} 6. Nf3 {[%emt 0:00:07]} Nc6 {[%emt 0:01:48]} 7. Bb5 {[%emt 0:00:11]} e6 {[%emt 0:04:28]} 8. O-O {[%emt 0:01:10]} Be7 {[%emt 0:01:49]} 9. d4 {[%emt 0:00:49]} O-O {[%emt 0:03:07]} 10. Re1 {[%emt 0:01:02]} a6 {[%emt 0:05:34]} 11. Bxc6 {[%emt 0:02:20]} bxc6 {[%emt 0:05:56]} 12. Ne5 {[%emt 0:08:44]} Nxc3 {[%emt 0:02:53]} 13. bxc3 {[%emt 0:00:18]} Qc7 {[%emt 0:07:56]} 14. Bf4 {[%emt 0:09:21]} Bd6 {[%emt 0:02:49]} 15. c4 {[%emt 0:02:15]} Rd8 {[%emt 0:16:56]} 16. Qf3 {[%emt 0:08:58]} f6 {[%emt 0:02:22]} 17. c5 {[%emt 0:02:54]} Bxe5 {[%emt 0:00:22]} 18. dxe5 {[%emt 0:03:09]} f5 {[%emt 0:00:21]} 19. Re3 {[%emt 0:23:54]} Rd5 {[%emt 0:06:30]} 20. Qh5 {[%emt 0:02:14]} Qf7 {[%emt 0:03:58]} 21. Qh4 {[%emt 0:00:54]} Rb8 {[%emt 0:02:38]} 22. Rg3 {[%emt 0:07:08]} Rb4 {[%emt 0:07:35]} 23. Qg5 {[%emt 0:10:09]} a5 {[%emt 0:11:26]} 24. h4 {[%emt 0:03:23]} a4 {[%emt 0:02:29]} 25. Bd2 {[%emt 0:01:24]} Rbd4 {[%emt 0:05:24]} 26. Be3 {[%emt 0:03:42]} Rd1+ {[%emt 0:00:57]} 27. Rxd1 {[%emt 0:00:07]} Rxd1+ {[%emt 0:00:01]} 28. Kh2 {[%emt 0:00:16]} Ba6 {[%emt 0:00:47]} 29. Qf4 {[%emt 0:00:30]} Bb5 {[%emt 0:01:49]} 30. Qf3 {[%emt 0:00:31]} Rd5 {[%emt 0:00:47]} 31. Bh6 {[%emt 0:00:45]} g6 {[%emt 0:00:35]} 32. h5 {[%emt 0:00:46]} Rd3 {[%emt 0:06:50]} 33. Qf4 {[%emt 0:04:47]} Rxg3 {[%emt 0:01:00]} 34. Qxg3 {[%emt 0:00:20]} Qe7 {[%emt 0:06:01]} 35. hxg6 {[%emt 0:00:44]} hxg6 {[%emt 0:00:59]} 36. Qxg6+ {[%emt 0:00:23]} Kh8 {[%emt 0:00:00]} 37. Kg1 {[%emt 0:00:56]} 1-0

[Event "Fagernes GM-A 2019"]
[Site "Fagernes"]
[Date "2019.04.18"]
[Round "6.21"]
[White "Gjare, Vidar"]
[Black "Shehzad, Shazil"]
[Result "0-1"]
[WhiteElo "1655"]
[BlackElo "2024"]
[Annotator "NA"]
[PlyCount "114"]
[EventDate "2019.04.14"]
[EventType "tourn"]
[EventCountry "NOR"]
[SourceTitle "playchess.com"]
[Source "ChessBase"]
[SourceQuality "1"]
[TimeControl "40/7200:3600"]

1. e4 {[%emt 0:00:06]} c5 {[%emt 0:00:01]} 2. Nf3 {[%emt 0:00:07]} e6 {[%emt 0:00:04]} 3. d4 {[%emt 0:00:26]} cxd4 {[%emt 0:00:03]} 4. Nxd4 {[%emt 0:00:19]} a6 {[%emt 0:00:04]} 5. a4 {[%emt 0:01:26]} Qc7 {[%emt 0:00:35]} 6. Bd3 {[%emt 0:04:01]} Nc6 {[%emt 0:02:25]} 7. Nxc6 {[%emt 0:06:42]} bxc6 {[%emt 0:02:34]} 8. O-O {[%emt 0:03:39]} d5 {[%emt 0:00:18]} 9. Be3 {[%emt 0:05:03]} Nf6 {[%emt 0:00:43]} 10. exd5 {[%emt 0:02:14]} cxd5 {[%emt 0:00:35]} 11. Bd4 {[%emt 0:03:36]} Bc5 {[%emt 0:00:56]} 12. c3 {[%emt 0:07:28]} Bxd4 {[%emt 0:01:48]} 13. cxd4 {[%emt 0:01:35]} Qb6 {[%emt 0:00:14]} 14. b3 {[%emt 0:03:53]} Rb8 {[%emt 0:00:45]} 15. Bc2 {[%emt 0:03:13]} Bd7 {[%emt 0:00:44]} 16. Nc3 {[%emt 0:01:32]} a5 {[%emt 0:02:38]} 17. Qd3 {[%emt 0:02:28]} O-O {[%emt 0:00:50]} 18. Rae1 {[%emt 0:02:27]} Rfc8 {[%emt 0:01:22]} 19. Re3 {[%emt 0:05:18]} Rc7 {[%emt 0:03:37]} 20. Ne2 {[%emt 0:08:16]} Bc8 {[%emt 0:01:00]} 21. Rg3 {[%emt 0:04:40]} Ba6 {[%emt 0:01:35]} 22. Qf3 {[%emt 0:00:14]} Kf8 {[%emt 0:02:12]} 23. Bd3 {[%emt 0:01:43]} Bxd3 {[%emt 0:02:57]} 24. Qxd3 {[%emt 0:00:07]} g6 {[%emt 0:01:29]} 25. Qe3 {[%emt 0:01:26]} Rbc8 {[%emt 0:05:09]} 26. Qh6+ {[%emt 0:02:20]} Kg8 {[%emt 0:02:23]} 27. Rh3 {[%emt 0:02:51]} Rc2 {[%emt 0:02:27]} 28. Qg5 {[%emt 0:04:29]} Rxe2 {[%emt 0:04:25]} 29. Qxf6 {[%emt 0:00:17]} Qd8 {[%emt 0:18:53]} 30. Qf4 {[%emt 0:03:47]} h5 {[%emt 0:00:36]} 31. Re3 {[%emt 0:01:41]} Rec2 {[%emt 0:04:10]} 32. Rf3 {[%emt 0:02:01]} Qc7 {[%emt 0:01:29]} 33. Qxc7 {[%emt 0:02:59]} R8xc7 {[%emt 0:00:08]} 34. Rd3 {[%emt 0:02:06]} R7c3 {[%emt 0:00:47]} 35. Rxc3 {[%emt 0:01:45]} Rxc3 {[%emt 0:00:27]} 36. Rb1 {[%emt 0:00:06]} Rd3 {[%emt 0:00:04]} 37. f3 {[%emt 0:00:26]} Rxd4 {[%emt 0:00:05]} 38. Kf2 {[%emt 0:00:32]} Rd2+ {[%emt 0:00:14]} 39. Kg3 {[%emt 0:00:48]} Rd4 {[%emt 0:01:56]} 40. Kf2 {[%emt 0:05:41]} Rd2+ {[%emt 0:00:13]} 41. Kg3 {[%emt 1:00:12]} Ra2 {[%emt 1:01:13]} 42. Rc1 {[%emt 0:05:57]} Rb2 {[%emt 0:00:16]} 43. Rc5 {[%emt 0:00:08]} Rxb3 {[%emt 0:00:30]} 44. Rxa5 {[%emt 0:00:07]} Kg7 {[%emt 0:00:28]} 45. Ra8 {[%emt 0:01:44]} Kf6 {[%emt 0:00:30]} 46. h4 {[%emt 0:01:09]} Kf5 {[%emt 0:00:28]} 47. a5 {[%emt 0:00:48]} Rb2 {[%emt 0:00:55]} 48. a6 {[%emt 0:00:41]} Ra2 {[%emt 0:00:40]} 49. Rf8 {[%emt 0:04:00]} f6 {[%emt 0:01:18]} 50. Ra8 {[%emt 0:00:00]} e5 {[%emt 0:00:00]} 51. a7 {[%emt 0:00:00]} d4 {[%emt 0:00:00]} 52. Kh3 {[%emt 0:00:00]} Kf4 {[%emt 0:00:00]} 53. Rf8 {[%emt 0:00:00]} Rxa7 {[%emt 0:00:00]} 54. Rxf6+ {[%emt 0:00:00]} Ke3 {[%emt 0:00:00]} 55. Rxg6 {[%emt 0:00:00]} Rd7 {[%emt 0:00:00]} 56. Re6 {[%emt 0:00:00]} d3 {[%emt 0:00:00]} 57. Rxe5+ {[%emt 0:00:00]} Kf2 {[%emt 0:00:00]} 0-1

[Event "Fagernes GM-A 2019"]
[Site "Fagernes"]
[Date "2019.04.19"]
[Round "7.1"]
[White "Vovk, Andriy"]
[Black "Demchenko, Anton"]
[Result "1/2-1/2"]
[WhiteElo "2616"]
[BlackElo "2661"]
[Annotator "TA"]
[PlyCount "69"]
[EventDate "2019.04.14"]
[EventType "tourn"]
[EventCountry "NOR"]
[SourceTitle "playchess.com"]
[Source "ChessBase"]
[SourceQuality "1"]

{[%evp 14,69,26,36,32,33,23,22,25,27,44,-91,-89,-87,-91,-92,-88,-88,-88,-92,-97,-95,-47,-91,-88,-96,-51,-54,137,120,133,95,97,97,103,103,103,98,98,103,109,104,95,81,86,41,143,143,144,146,301,302,264,259,589,-6241,916,138]} 1. e4 e5 2. Nf3 Nc6 3. Bc4 Nf6 4. Ng5 d5 5. exd5 Na5 6. Bb5+ c6 7. dxc6 bxc6 8. Bd3 Nd5 {C58: Two Knights: 4 Ng5 d5 5 exd5 Na5 sidelines} 9. Nf3 Bd6 10. O-O O-O {The position is equal.} 11. Re1 f5 {And now ...e4 would win.} 12. b4 $146 (12. Nxe5 $14 {stays ahead.} Qf6 13. Nf3) ({Predecessor:} 12. Nxe5 Qf6 13. Nf3 g5 14. g3 f4 15. Nc3 fxg3 16. hxg3 Nxc3 17. dxc3 {½-½ (52) Kovalev,V (2639)-Demchenko,A (2660) Riadh 2017}) 12... Nxb4 $17 13. Nxe5 Bxe5 ({Reject} 13... Nxd3 14. Nxd3 Qc7 15. Qh5 $11) 14. Rxe5 Nxd3 15. cxd3 Qd4 {[%mdl 64] Double Attack} 16. Rxa5 Qxa1 17. Nc3 f4 18. f3 Bf5 19. d4 Rf7 20. Re5 {next Re1 is good for White.} c5 $2 (20... Kh8 $1 $15 {keeps the upper hand.}) 21. dxc5 $16 Rd8 {White must now prevent ...Qxc3!} 22. Qe1 h6 23. h4 Kh7 24. Kh2 $1 Bd3 25. Qg1 {Hoping for Re1.} Rdd7 26. c6 Rde7 27. Rd5 Bf5 28. Rc5 Bd3 29. Nd5 {aiming for c7.} Re5 ({Better is} 29... Re8 $14) 30. c7 $36 {[%mdl 2048] White is on the roll.} Ba6 31. d4 Re8 $2 (31... Rxd5 $16 32. Rxd5 Rxc7 33. Bxf4 {[%mdl 64] Discovered Attack} Qxa2) 32. Bxf4 Re1 33. Qf2 Re2 $2 {[#]} (33... Bc8 34. Be3 Qb1 35. Qc2+ Qxc2 36. Rxc2 Rd7) 34. Bc1 $4 {[%mdl 8192]} (34. Qxe2 $1 $18 {[%mdl 512]} Bxe2 35. c8=Q Qxd4 36. Kg3) 34... Re8 $4 {[%mdl 8192]} (34... Rxf2 $19 35. c8=Q Bxc8) 35. Qg1 $2 {Accuracy: White = 59%, Black = 48%.} (35. Qc2+ $18 {is the precise move to win.} Kh8 {[#]} 36. Qa4 $1 {[%mdl 576] Double Attack}) 1/2-1/2

[Event "Fagernes GM-A 2019"]
[Site "Fagernes"]
[Date "2019.04.19"]
[Round "7.2"]
[White "Turov, Maxim"]
[Black "Hauge, Lars Oskar"]
[Result "1/2-1/2"]
[WhiteElo "2584"]
[BlackElo "2472"]
[Annotator "TA"]
[PlyCount "88"]
[EventDate "2019.04.14"]
[EventType "tourn"]
[EventCountry "NOR"]
[SourceTitle "playchess.com"]
[Source "ChessBase"]
[SourceQuality "1"]

{[%evp 17,88,18,16,0,0,0,0,0,0,20,15,11,11,11,11,0,0,0,0,0,10,2,13,17,17,0,0,0,0,0,0,0,0,0,0,0,0,0,0,0,0,0,0,0,0,0,0,0,37,37,37,0,39,14,14,14,14,14,15,15,15,8,8,8,8,8,8,0,0,0,0,0,-8]} 1. d4 Nf6 2. Nf3 g6 3. g3 Bg7 4. Bg2 O-O 5. O-O d5 6. c4 c6 7. Qb3 Qb6 8. Nc3 Bf5 9. Ne5 Be6 10. Na4 {D78: Fianchetto Grünfeld: 6 0-0 c6} (10. Qd1 dxc4 11. Na4 Qd8 12. Nc5 Qc8 13. Qc2 Bh3 14. Qxc4 Bxg2 15. Kxg2 Nbd7 16. Ncd3 Nxe5 17. dxe5 Nd5 {1-0 (36) Nakamura,H (2787)-Kramnik,V (2800) Moscow 2018}) 10... Qxb3 11. axb3 {And now Nb6! would win.} Nfd7 12. f4 $146 ({Predecessor:} 12. Rd1 dxc4 13. Nxc4 b5 14. Nc3 bxc4 15. d5 cxd5 16. Nxd5 Nc6 17. Nc7 Rad8 18. Nxe6 fxe6 19. Bxc6 {½-½ (36) Theodorou,N (2546)-Rios,C (2467) Merida 2018}) 12... Nxe5 13. dxe5 {Nb6! is the strong threat.} Na6 ({Don't play} 13... dxc4 $6 {[#]} 14. Nb6 $1 $16 {[%mdl 512]}) 14. cxd5 Bxd5 15. Bxd5 cxd5 16. Be3 f6 17. exf6 Bxf6 18. Rfd1 e6 19. Bd4 Bxd4+ 20. Rxd4 Rfc8 21. e4 Nc5 22. Nxc5 Rxc5 23. exd5 exd5 $11 {[%mdl 4096] Endgame KRR-KRR} 24. Rad1 Rd8 25. b4 Rc2 26. Rxd5 Rxd5 27. Rxd5 Rxb2 {KR-KR} 28. Rd8+ Kg7 29. Rd7+ {[%mdl 64] [#] Double Attack} Kf6 30. Rxb7 h5 31. Rb5 a6 32. Ra5 (32. Rb8 {looks sharper.} Ke6 33. Rb7 Kf6 34. Rb6+ Kf5 35. h3) 32... Rxb4 (32... h4 {seems wilder.} 33. Rxa6+ Kf5 34. b5 h3 35. b6 Ke4) 33. Rxa6+ Kf5 34. Ra5+ Kf6 35. Ra2 h4 {The position is equal.} 36. Kg2 hxg3 37. hxg3 g5 38. Ra6+ Kf7 39. fxg5 Rg4 40. Ra5 Kg6 41. Kf3 Rxg5 42. Rxg5+ Kxg5 43. Ke4 Kg4 44. Kd5 Kxg3 {Accuracy: White = 56%, Black = 78%.} 1/2-1/2